Denník N

Saved in:
Bibliographic Details
Format: Serial
Language:Slovak
Published: Bratislava N Press
Tags: Add Tag
No Tags, Be the first to tag this record!

MARC

LEADER 00000nas1a2200000 4500
001 0281356
005 20250404100955.0
022 |a 2729-9198 
022 |a 1339-844X 
041 0 |a slo 
044 |a SK 
245 1 0 |a Denník N 
264 1 |a Bratislava  |b N Press